| 000 | 01799cam a22004934i 4500 | ||
|---|---|---|---|
| 003 | PE-LiUPU | ||
| 005 | 20250731173447.0 | ||
| 008 | 150616s1972 ec r 000 0 spa d | ||
| 035 | _a(Sirsi) a6024 | ||
| 040 |
_aPE-LiUPU _bspa _cPE-LiUPU _erda |
||
| 049 | _aPRUA | ||
| 082 | 0 | 4 |
_a280.2 _bG18 _221 |
| 100 | 1 |
_aGalilea, Segundo, _eautor. |
|
| 245 | 1 | 0 |
_aCatolicismo popular / _cSegundo Calilea, Mónica González. |
| 264 | 1 |
_aQuito : _bCamino, _c1972. |
|
| 300 | _a34 páginas; 22 centímetros. | ||
| 336 |
_atext _2rdacontent |
||
| 337 |
_aunmediated _2rdamedia |
||
| 338 |
_avolume _2rdacarrier |
||
| 490 | 1 |
_aEstudios sobre Pastoral Popular ; _v1 |
|
| 505 | 0 | _aAnalisis del catolicismo popular -- Fe y religiosidad -- Motivaciones del catolicismo popular -- Cuestiones historicas -- La evangelizacion ante el catolicismo popular. | |
| 526 | _aSEG42 | ||
| 526 | _aSEG41 | ||
| 526 | _aSEG40 | ||
| 526 | _aSEG39 | ||
| 526 | _aP94 | ||
| 526 | _aP87 | ||
| 526 | _aP86 | ||
| 526 | _aP85 | ||
| 526 | _aP77 | ||
| 526 | _aP76 | ||
| 526 | _aP35 | ||
| 610 | 2 |
_aIglesia Católica _zAmérica Latina _xCongresos. |
|
| 650 | 0 | 4 |
_aDevociones Populares _zAmérica Latina _xCongresos. |
| 650 | 0 | 4 |
_aTeología Pastoral _zAmérica Latina _xCongresos. |
| 700 | 1 |
_aGonzáles, Mónica, _eautor. |
|
| 910 |
_ajck _bjvq _cjck |
||
| 942 |
_2ddc _cBOOK |
||
| 949 |
_a280.2 G18 _wDEWEY _c1 _i38790 _lCCODEBUL1 _mBUL _p18.00 _r0 _sY _tBOOK _u2015-04-23 _xBIBLIOTECA _zUNKNOWN _0COMPRA _o.STAFF. Colección Teología |
||
| 994 |
_aC0 _bPEPRU |
||
| 596 | _a1 | ||
| 999 |
_a280.2 G18 _wDEWEY _c57114 _i38790 _f2021-11-12 _g5 _lCCODEBUL1 _mBUL _p18.00 _r0 _sY _tBOOK _u2015-4-23 _xTEOLOGIA _PP35 _0COMPRA _o.STAFF. Colección Teología _d57114 |
||
| 980 |
_81 _gALBERTO SANCHEZ Responsable de Automatización |
||